000 00994cam a22002891a 4500
001 sa 67002696
003 DLC
005 20260227112332.0
008 850301s1959 io ab f000 0 eng
010 _asa 67002696
025 _aPL480:Indo-3981
035 _a(OCoLC)11753254
040 _aDLC
_cHU
_dHU
_dDLC
041 1 _aeng
_hind
042 _apremarc
050 0 0 _aDS644.2 1959
_b.S885
100 0 _aSoekarno,
_d1901-1970.
245 1 0 _aMoluccas speeches of President Soekarno.
260 _aDjakarta :
_bMinistry of Information, Republic of Indonesia,
_c[1959]
300 _a69 p., [1] leaf of plates :
_bill., map. ;
_c21 cm.
490 1 _aPresident's speeches series ;
_v1959
490 0 _aSpecial issue ;
_v34
500 _a"Translations from the original version in Indonesian."
651 0 _aIndonesia
_xPolitics and government
_y1950-1966.
651 0 _aMaluku (Indonesia)
_xPolitics and government.
800 1 _aSoekarno,
_d1901-1970.
_tPresident's speeches series ;
_v1959.
999 _c73378
_d73378